The biography of Maha Pandita Vimalamitra. (Record no. 88869)

MARC details
000 -LEADER
fixed length control field 00630cam a2200217 4500
001 - CONTROL NUMBER
control field sa 68019359
003 - CONTROL NUMBER IDENTIFIER
control field DLC
005 - DATE AND TIME OF LATEST TRANSACTION
control field 20260227112717.0
008 - FIXED-LENGTH DATA ELEMENTS--GENERAL INFORMATION
fixed length control field 760327s1967 ii a b 000 0beng
010 ## - LIBRARY OF CONGRESS CONTROL NUMBER
LC control number sa 68019359
025 ## - OVERSEAS ACQUISITION NUMBER
Overseas acquisition number PL480:I-Sik-E-3
040 ## - CATALOGING SOURCE
Original cataloging agency DLC
Transcribing agency DLC
Modifying agency DLC
050 00 - LIBRARY OF CONGRESS CALL NUMBER
Classification number BQ994.I52
Item number D62
082 00 - DEWEY DECIMAL CLASSIFICATION NUMBER
Classification number 294.3/61
-- B
100 0# - MAIN ENTRY--PERSONAL NAME
Personal name Dodrup Chen.
245 04 - TITLE STATEMENT
Title The biography of Maha Pandita Vimalamitra.
260 ## - PUBLICATION, DISTRIBUTION, ETC.
Place of publication, distribution, etc. [Gangtok,
Date of publication, distribution, etc. 1967]
300 ## - PHYSICAL DESCRIPTION
Extent xii, 43 p.
Other physical details col. illus.
Dimensions 18 cm.
504 ## - BIBLIOGRAPHY, ETC. NOTE
Bibliography, etc. note "The bibliography of works by Maha Pandita Vimalamitra": p. 28-36.
600 00 - SUBJECT ADDED ENTRY--PERSONAL NAME
Personal name Vimalamitra,
Dates associated with a name active 8th century.

No items available.

Powered by Koha